000 01326nam0a22003131 4500
001 rc\1034200
005 20250622084821.0
035 _a(NLR Aleph) 006197430
090 _a6230969
_c6230969
100 _a20041129d1981 |||y0rusy50 ca
101 0 _arus
102 _aRU
105 _aa |||||||||
200 1 _aЛюди песков
_eРоман. Повести
_eПер. с туркм.
_fБердыназар Худайназаров
_g[Худож. Б. Попов]
210 _aМ.
_cСов. писатель
_d1981
215 _a463 с.
_cил.
_d21
327 1 _aСодерж.: Люди песков: Роман; Повести: "Сормово-27"; Хошар; Браслет матери; Глаза следопыта; Соседи
464 0 _12001#$aЛюди песков
_tЛюди песков
464 0 _12001#$aˆ"‰Сормово-27"
_tˆ"‰Сормово-27"
464 0 _12001#$aХошар
_tХошар
464 0 _12001#$aБраслет матери
_tБраслет матери
464 0 _12001#$aГлаза следопыта
_tГлаза следопыта
464 0 _12001#$aСоседи
_tСоседи
700 1 _aХудайназаров
_bБ.
_f1927-
_gБердыназар
801 0 _aRU
_bNLR
_gpsbo
801 1 _aRU
_bELAR
_2rusmarc
852 _aNLR
_j81-3/6717
942 _cBOOK
980 _aNB